| 000 | 00397nam a22001457a 4500 | ||
|---|---|---|---|
| 008 | 160915b xxu||||| |||| 00| 0 eng d | ||
| 020 | _a972-774-173-8 | ||
| 080 | _a39 | ||
| 245 |
_aEtica e Administracao _cGomes, J. Salis et all. _hJ. Salis Gomes |
||
| 250 | _a6ยช ed. | ||
| 260 |
_aPortugal _bCelta _c2003 |
||
| 300 |
_a407p. _b _c _e _f _g |
||
| 650 | _2Etica e Administracao | ||
| 942 |
_2udc _cBK |
||
| 999 |
_c38276 _d38276 |
||